| 000 | 00479nam a2200157Ia 4500 | ||
|---|---|---|---|
| 999 |
_c34838 _d34838 |
||
| 003 | OSt | ||
| 005 | 20200723143015.0 | ||
| 008 | 190216s9999||||xx |||||||||||||| ||und|| | ||
| 040 | _coclc | ||
| 082 |
_a954.035 _bARO/C |
||
| 100 |
_aArora, Prem _93381 |
||
| 245 | 0 |
_aConstitutional Development And National Movement In India / _cPrem Arora |
|
| 260 |
_bBook Hive Publications, _c1974. |
||
| 300 | _a250p | ||
| 942 |
_cBK _2ddc _h954.035 _iARO/C _k954.035 _mARO/C |
||